[Event "Greek Team Championship"]
[Site "chess24.com"]
[Date "2017.07.03"]
[Round "1"]
[White "Benatsis, Alexandros"]
[Black "Kaloskambis, Mihail"]
[Result "0-1"]
[Board "4"]
[WhiteElo "1630"]
[WhiteCountry "GRE"]
[WhiteFideId "4237382"]
[WhiteEloChange "-5"]
[BlackElo "1824"]
[BlackCountry "GRE"]
[BlackFideId "4203569"]
[BlackEloChange "5"]

1. e4 {[%clk 1:30:55]} c5 {[%clk 1:30:43]} 2. Nc3 {[%clk 1:31:15]} Nc6 {[%clk
1:30:55]} 3. f4 {[%clk 1:31:35]} e6 {[%clk 1:30:25]} 4. Nf3 {[%clk 1:31:50]} d5
{[%clk 1:30:02]} 5. Bb5 {[%clk 1:30:45]} Ne7 {[%clk 1:28:17]} 6. exd5 {[%clk
1:27:44]} exd5 {[%clk 1:28:20]} 7. Qe2 {[%clk 1:27:28]} Qd6 {[%clk 1:23:20]} 8.
d4 {[%clk 1:21:39]} cxd4 {[%clk 1:20:12]} 9. Nxd4 {[%clk 1:18:54]} Bd7 {[%clk
1:16:51]} 10. Nxc6 {[%clk 1:14:18]} bxc6 {[%clk 1:16:03]} 11. Bd3 {[%clk
1:14:19]} f6 {[%clk 1:10:09]} 12. O-O {[%clk 1:11:58]} Kf7 {[%clk 1:08:57]} 13.
Qf2 {[%clk 0:54:35]} Nf5 {[%clk 1:06:57]} 14. Bd2 {[%clk 0:49:39]} Qc5 {[%clk
1:02:30]} 15. Na4 {[%clk 0:42:42]} Qxf2+ {[%clk 1:00:08]} 16. Kxf2 {[%clk
0:39:10]} Bd6 {[%clk 0:56:30]} 17. b4 {[%clk 0:33:50]} Rab8 {[%clk 0:48:56]} 18.
Nc5 {[%clk 0:33:16]} Bc8 {[%clk 0:47:52]} 19. Rfe1 {[%clk 0:26:18]} h5 {[%clk
0:46:59]} 20. g3 {[%clk 0:19:20]} Nh6 {[%clk 0:44:41]} 21. Bc3 {[%clk 0:16:46]}
h4 {[%clk 0:42:50]} 22. a3 {[%clk 0:14:30]} Ng4+ {[%clk 0:39:15]} 23. Kg1 {[%clk
0:13:43]} hxg3 {[%clk 0:39:15]} 24. hxg3 {[%clk 0:14:02]} Rh3 {[%clk 0:38:01]}
25. Kg2 {[%clk 0:13:57]} Rh2+ {[%clk 0:37:39]} 26. Kg1 {[%clk 0:12:09]} Bxc5+
{[%clk 0:35:02]} 27. bxc5 {[%clk 0:12:24]} Bd7 {[%clk 0:35:14]} 28. Re2 {[%clk
0:10:59]} Rh3 {[%clk 0:33:52]} 29. Rae1 {[%clk 0:08:16]} Rbh8 {[%clk 0:32:20]}
30. Re7+ {[%clk 0:08:23]} Kf8 {[%clk 0:32:41]} 31. Rxd7 {[%clk 0:08:23]} Rxg3+
{[%clk 0:25:29]} 32. Kf1 {[%clk 0:08:19]} Rh1+ {[%clk 0:24:00]} 33. Ke2 {[%clk
0:06:45]} Re3+ {[%clk 0:23:05]} 34. Kd1 {[%clk 0:06:17]} Nf2+ {[%clk 0:23:10]}
35. Kc1 {[%clk 0:06:25]} Nxd3+ {[%clk 0:19:50]} 36. cxd3 {[%clk 0:06:48]} Rexe1+
{[%clk 0:19:59]} 37. Bxe1 {[%clk 0:07:11]} Rxe1+ {[%clk 0:20:07]} 38. Kd2 {[%clk
0:07:28]} Re7 {[%clk 0:20:23]} 39. Rd8+ {[%clk 0:07:13]} Kf7 {[%clk 0:20:29]} 40.
Rc8 {[%clk 0:36:06]} Rd7 {[%clk 0:46:29]} 41. Rxc6 {[%clk 0:36:17]} Kg6 {[%clk
0:46:55]} 42. Ke3 {[%clk 0:33:29]} Kf5 {[%clk 0:47:08]} 43. Rc8 {[%clk 0:26:14]}
d4+ {[%clk 0:47:11]} 44. Kd2 {[%clk 0:23:58]} Kxf4 {[%clk 0:47:18]} 45. c6 {[%clk
0:24:24]} Rd5 {[%clk 0:47:11]} 46. Rc7 {[%clk 0:22:39]} g5 {[%clk 0:45:40]} 47.
Rxa7 {[%clk 0:23:07]} Rc5 {[%clk 0:45:44]} 48. Rd7 {[%clk 0:21:20]} Rxc6 {[%clk
0:45:46]} 49. Rxd4+ {[%clk 0:21:47]} Kf3 {[%clk 0:45:58]} 50. Re4 {[%clk
0:20:28]} f5 {[%clk 0:45:06]} 51. Re3+ {[%clk 0:20:56]} Kf4 {[%clk 0:45:34]} 52.
d4 {[%clk 0:19:18]} g4 {[%clk 0:45:37]} 53. d5 {[%clk 0:19:47]} Rd6 {[%clk
0:45:43]} 54. Rb3 {[%clk 0:18:43]} Rxd5+ {[%clk 0:45:43]} 55. Ke2 {[%clk
0:18:43]} Rc5 {[%clk 0:44:54]} 56. Rb4+ {[%clk 0:18:20]} Kg3 {[%clk 0:44:36]} 57.
a4 {[%clk 0:18:28]} Rc2+ {[%clk 0:44:47]} 58. Kd1 {[%clk 0:18:46]} Ra2 {[%clk
0:44:59]} 59. Rb3+ {[%clk 0:18:09]} Kh4 {[%clk 0:43:29]} 60. Rb4 {[%clk 0:18:27]}
Kh3 {[%clk 0:43:14]} 61. Rf4 {[%clk 0:18:45]} g3 {[%clk 0:43:12]} 62. Rxf5 {[%clk
0:19:13]} g2 {[%clk 0:42:46]} 63. Rg5 {[%clk 0:19:13]} Rxa4 {[%clk 0:42:43]} 64.
Rh5+ {[%clk 0:19:35]} Kg4 {[%clk 0:42:50]} 0-1

[Event "Greek Team Championship"]
[Site "chess24.com"]
[Date "2017.07.03"]
[Round "1"]
[White "Kartsidima, Aikaterini"]
[Black "Gioutsou, Miranta"]
[Result "1/2-1/2"]
[Board "7"]
[WhiteElo "1405"]
[WhiteCountry "GRE"]
[WhiteFideId "25818040"]
[WhiteEloChange "-3"]
[BlackElo "1294"]
[BlackCountry "GRE"]
[BlackFideId "25838296"]
[BlackEloChange "3"]

1. d4 {[%clk 1:30:48]} Nf6 {[%clk 1:30:55]} 2. Nf3 {[%clk 1:30:52]} c5 {[%clk
1:31:15]} 3. e3 {[%clk 1:30:46]} g6 {[%clk 1:31:23]} 4. dxc5 {[%clk 1:27:08]}
Qa5+ {[%clk 1:30:35]} 5. c3 {[%clk 1:26:18]} Qxc5 {[%clk 1:30:45]} 6. Bd3 {[%clk
1:23:34]} Bg7 {[%clk 1:29:26]} 7. O-O {[%clk 1:21:41]} O-O {[%clk 1:29:31]} 8.
Nbd2 {[%clk 1:19:13]} d5 {[%clk 1:25:34]} 9. e4 {[%clk 1:12:14]} dxe4 {[%clk
1:22:09]} 10. Nxe4 {[%clk 1:12:27]} Nxe4 {[%clk 1:22:11]} 11. Bxe4 {[%clk
1:12:51]} Qc7 {[%clk 1:20:32]} 12. Be3 {[%clk 1:09:26]} Nc6 {[%clk 1:18:55]} 13.
Qc2 {[%clk 1:05:24]} Bd7 {[%clk 1:14:44]} 14. Rad1 {[%clk 1:03:13]} Rac8 {[%clk
1:12:30]} 15. Nd4 {[%clk 0:57:31]} a6 {[%clk 1:10:09]} 16. Nxc6 {[%clk 0:55:19]}
Bxc6 {[%clk 1:10:29]} 17. Bd4 {[%clk 0:52:11]} Bxe4 {[%clk 1:05:17]} 18. Qxe4
{[%clk 0:52:25]} e5 {[%clk 1:03:08]} 19. Be3 {[%clk 0:51:28]} Rfd8 {[%clk
1:02:28]} 20. Qb4 {[%clk 0:45:59]} b5 {[%clk 0:55:56]} 21. Qb3 {[%clk 0:39:51]}
e4 {[%clk 0:40:05]} 22. Rd2 {[%clk 0:33:46]} Rxd2 {[%clk 0:37:34]} 23. Bxd2
{[%clk 0:34:10]} Qc4 {[%clk 0:36:32]} 24. Re1 {[%clk 0:28:24]} Qxb3 {[%clk
0:35:39]} 25. axb3 {[%clk 0:28:40]} f5 {[%clk 0:36:00]} 26. Ra1 {[%clk 0:28:43]}
Rc6 {[%clk 0:35:45]} 27. f3 {[%clk 0:24:35]} exf3 {[%clk 0:32:33]} 28. gxf3
{[%clk 0:24:56]} Kf7 {[%clk 0:32:18]} 29. Re1 {[%clk 0:22:10]} Re6 {[%clk
0:31:59]} 30. Kf2 {[%clk 0:16:16]} Rxe1 {[%clk 0:30:17]} 31. Bxe1 {[%clk
0:15:39]} Ke6 {[%clk 0:29:56]} 32. Ke3 {[%clk 0:15:34]} g5 {[%clk 0:24:21]} 33.
h3 {[%clk 0:10:29]} h5 {[%clk 0:20:34]} 34. Bd2 {[%clk 0:08:00]} Be5 {[%clk
0:19:54]} 35. Kd3 {[%clk 0:07:33]} g4 {[%clk 0:19:36]} 36. fxg4 {[%clk 0:07:36]}
hxg4 {[%clk 0:19:43]} 37. hxg4 {[%clk 0:08:01]} fxg4 {[%clk 0:20:04]} 38. Ke4
{[%clk 0:07:53]} g3 {[%clk 0:19:43]} 39. Kf3 {[%clk 0:07:21]} a5 {[%clk 0:18:04]}
40. Be1 {[%clk 0:36:49]} a4 {[%clk 0:47:08]} 41. Bxg3 {[%clk 0:27:41]} Bxg3
{[%clk 0:46:15]} 42. Kxg3 {[%clk 0:27:39]} axb3 {[%clk 0:46:36]} 43. Kf4 {[%clk
0:27:56]} Kd5 {[%clk 0:46:59]} 44. Ke3 {[%clk 0:28:15]} Kc4 {[%clk 0:47:12]} 45.
Ke4 {[%clk 0:27:54]} b4 {[%clk 0:47:22]} 46. cxb4 {[%clk 0:28:15]} Kxb4 {[%clk
0:47:46]} 47. Kd4 {[%clk 0:28:37]} Kb5 {[%clk 0:48:01]} 48. Kc3 {[%clk 0:28:39]}
Kc5 {[%clk 0:48:26]} 49. Kxb3 {[%clk 0:29:00]} Kb5 {[%clk 0:48:52]} 1/2-1/2

[Event "Greek Team Championship"]
[Site "chess24.com"]
[Date "2017.07.03"]
[Round "1"]
[White "Bebis, Epaminondas-Alexandros"]
[Black "Tsiros, Fragkiskos Vlasios"]
[Result "0-1"]
[Board "8"]
[WhiteElo "1514"]
[WhiteCountry "GRE"]
[WhiteFideId "4262930"]
[WhiteEloChange "-2"]
[BlackElo "2163"]
[BlackCountry "GRE"]
[BlackFideId "4228200"]
[BlackEloChange "2"]

1. Nf3 {[%clk 1:30:21]} d6 {[%clk 1:29:20]} 2. e4 {[%clk 1:29:51]} Nf6 {[%clk
1:29:40]} 3. d3 {[%clk 1:29:15]} g6 {[%clk 1:30:02]} 4. g3 {[%clk 1:29:29]} Bg7
{[%clk 1:30:22]} 5. Bg2 {[%clk 1:29:51]} O-O {[%clk 1:30:39]} 6. O-O {[%clk
1:28:03]} Nc6 {[%clk 1:28:08]} 7. c3 {[%clk 1:25:15]} e5 {[%clk 1:28:31]} 8. Nbd2
{[%clk 1:15:22]} d5 {[%clk 1:23:28]} 9. b4 {[%clk 1:05:34]} a6 {[%clk 1:17:51]}
10. a4 {[%clk 1:00:42]} dxe4 {[%clk 1:12:16]} 11. dxe4 {[%clk 0:59:04]} Qd3
{[%clk 1:12:09]} 12. Bb2 {[%clk 0:49:41]} Rd8 {[%clk 1:04:46]} 13. Qb1 {[%clk
0:46:31]} Bg4 {[%clk 1:01:31]} 14. Re1 {[%clk 0:40:01]} Bh6 {[%clk 0:58:11]} 15.
Qxd3 {[%clk 0:37:01]} Rxd3 {[%clk 0:58:38]} 16. Re2 {[%clk 0:34:42]} Rad8 {[%clk
0:55:16]} 17. h3 {[%clk 0:22:52]} Bxd2 {[%clk 0:51:23]} 18. hxg4 {[%clk 0:22:40]}
Bxc3 {[%clk 0:48:12]} 19. Bxc3 {[%clk 0:20:11]} Rxc3 {[%clk 0:48:36]} 20. g5
{[%clk 0:18:53]} Ne8 {[%clk 0:47:16]} 21. Rb2 {[%clk 0:16:48]} b5 {[%clk
0:42:07]} 22. axb5 {[%clk 0:14:44]} axb5 {[%clk 0:42:34]} 23. Nh2 {[%clk
0:14:04]} f5 {[%clk 0:32:50]} 24. gxf6 {[%clk 0:08:26]} Nxf6 {[%clk 0:33:14]} 25.
Nf1 {[%clk 0:08:08]} Rd4 {[%clk 0:32:30]} 26. Ra8+ {[%clk 0:06:50]} Kg7 {[%clk
0:32:50]} 27. Rc8 {[%clk 0:07:07]} Nxb4 {[%clk 0:32:29]} 28. Ne3 {[%clk 0:06:15]}
Rc1+ {[%clk 0:25:32]} 29. Kh2 {[%clk 0:04:51]} Nxe4 {[%clk 0:25:33]} 30. Ng4
{[%clk 0:04:45]} Nd6 {[%clk 0:25:47]} 31. Rd8 {[%clk 0:03:21]} Rxg4 {[%clk
0:26:13]} 0-1

[Event "Greek Team Championship"]
[Site "chess24.com"]
[Date "2017.07.03"]
[Round "1"]
[White "Gioutsos, Vasileios"]
[Black "Rousis, Chrysostomos"]
[Result "1-0"]
[Board "10"]
[WhiteElo "1231"]
[WhiteCountry "GRE"]
[WhiteFideId "25832883"]
[WhiteEloChange "18"]
[BlackElo "1615"]
[BlackCountry "CYP"]
[BlackFideId "5902860"]
[BlackEloChange "-18"]

1. e4 {[%clk 1:30:54]} c5 {[%clk 1:30:48]} 2. Nf3 {[%clk 1:31:11]} d6 {[%clk
1:30:58]} 3. c3 {[%clk 1:31:19]} Nf6 {[%clk 1:31:10]} 4. h3 {[%clk 1:31:13]} e6
{[%clk 1:30:45]} 5. Bd3 {[%clk 1:30:49]} Nbd7 {[%clk 1:30:00]} 6. Bc2 {[%clk
1:30:10]} Be7 {[%clk 1:21:29]} 7. O-O {[%clk 1:29:10]} O-O {[%clk 1:21:43]} 8. d4
{[%clk 1:27:57]} Qc7 {[%clk 1:20:43]} 9. Bf4 {[%clk 1:25:46]} b6 {[%clk 1:17:31]}
10. Re1 {[%clk 1:15:04]} c4 {[%clk 1:07:58]} 11. Bg5 {[%clk 1:09:39]} e5 {[%clk
0:59:46]} 12. dxe5 {[%clk 1:08:14]} dxe5 {[%clk 0:59:49]} 13. Qe2 {[%clk
1:06:38]} b5 {[%clk 0:57:49]} 14. a4 {[%clk 1:05:05]} b4 {[%clk 0:56:17]} 15.
cxb4 {[%clk 1:03:57]} Bxb4 {[%clk 0:52:12]} 16. Bd2 {[%clk 1:03:09]} Bxd2 {[%clk
0:49:49]} 17. Nbxd2 {[%clk 1:01:38]} Ba6 {[%clk 0:50:08]} 18. Rac1 {[%clk
1:00:39]} Rab8 {[%clk 0:49:11]} 19. Bb3 {[%clk 0:55:30]} Qa5 {[%clk 0:43:46]} 20.
Bxc4 {[%clk 0:53:06]} Bxc4 {[%clk 0:43:59]} 21. Nxc4 {[%clk 0:53:25]} Qxa4 {[%clk
0:44:05]} 22. Ra1 {[%clk 0:52:47]} Qb5 {[%clk 0:42:17]} 23. Rxa7 {[%clk 0:50:34]}
Rfc8 {[%clk 0:40:09]} 24. Nd6 {[%clk 0:48:29]} Qxe2 {[%clk 0:40:36]} 25. Rxe2
{[%clk 0:48:52]} Rc6 {[%clk 0:40:55]} 26. Nf5 {[%clk 0:46:43]} Rcb6 {[%clk
0:39:58]} 27. Ng3 {[%clk 0:43:45]} g6 {[%clk 0:39:51]} 28. Ra5 {[%clk 0:42:38]}
Rxb2 {[%clk 0:35:53]} 29. Rxb2 {[%clk 0:41:35]} Rxb2 {[%clk 0:36:16]} 30. Nxe5
{[%clk 0:41:39]} Nxe5 {[%clk 0:36:34]} 31. Rxe5 {[%clk 0:42:01]} Rb1+ {[%clk
0:36:16]} 32. Kh2 {[%clk 0:42:11]} Re1 {[%clk 0:35:28]} 33. f3 {[%clk 0:40:09]}
Kf8 {[%clk 0:34:18]} 34. Ra5 {[%clk 0:39:58]} Nd7 {[%clk 0:32:52]} 35. Ra2 {[%clk
0:39:36]} Ke7 {[%clk 0:32:12]} 36. Ne2 {[%clk 0:39:26]} Ke6 {[%clk 0:29:32]} 37.
Nf4+ {[%clk 0:39:39]} Ke7 {[%clk 0:28:49]} 38. Nd5+ {[%clk 0:40:01]} Ke6 {[%clk
0:28:31]} 39. Kg3 {[%clk 0:38:47]} f5 {[%clk 0:27:18]} 40. Nf4+ {[%clk 1:08:32]}
Kf6 {[%clk 0:52:23]} 41. Ra6+ {[%clk 1:07:48]} Kg5 {[%clk 0:51:29]} 42. h4+
{[%clk 1:07:35]} Kh6 {[%clk 0:49:45]} 43. exf5 {[%clk 1:07:53]} Ne5 {[%clk
0:46:38]} 44. fxg6 {[%clk 1:07:29]} hxg6 {[%clk 0:46:52]} 45. Re6 {[%clk
1:07:23]} Kg7 {[%clk 0:44:14]} 46. Nxg6 {[%clk 1:07:24]} Nxf3 {[%clk 0:43:06]}
47. Nf4 {[%clk 1:06:38]} Ne5 {[%clk 0:40:36]} 48. Ng6 {[%clk 1:03:20]} Nd3 {[%clk
0:37:53]} 49. Rxe1 {[%clk 1:03:37]} Nxe1 {[%clk 0:38:14]} 50. Nf4 {[%clk
1:04:01]} Nc2 {[%clk 0:37:41]} 51. Kg4 {[%clk 1:03:55]} Ne3+ {[%clk 0:38:03]} 52.
Kg5 {[%clk 1:04:20]} Nc4 {[%clk 0:37:28]} 53. g4 {[%clk 1:04:37]} Ne5 {[%clk
0:36:12]} 54. Kf5 {[%clk 1:04:42]} Nf7 {[%clk 0:32:55]} 55. Ne6+ {[%clk 1:04:33]}
Kg8 {[%clk 0:28:37]} 56. g5 {[%clk 1:03:05]} Nd6+ {[%clk 0:27:46]} 57. Kf6 {[%clk
1:03:04]} Ne4+ {[%clk 0:28:02]} 58. Kg6 {[%clk 1:03:22]} Ng3 {[%clk 0:27:53]} 59.
h5 {[%clk 1:03:20]} Ne4 {[%clk 0:26:20]} 60. h6 {[%clk 1:03:22]} Kh8 {[%clk
0:26:16]} 61. Nd8 {[%clk 1:02:16]} Nxg5 {[%clk 0:19:43]} 62. Kxg5 {[%clk
1:02:26]} Kh7 {[%clk 0:17:10]} 63. Kh5 {[%clk 1:02:51]} Kh8 {[%clk 0:17:18]} 64.
Kg6 {[%clk 1:03:15]} Kg8 {[%clk 0:17:41]} 65. h7+ {[%clk 1:03:40]} 1-0

[Event "Greek Team Championship"]
[Site "chess24.com"]
[Date "2017.07.04"]
[Round "2"]
[White "Sadzikowski, Daniel"]
[Black "Van Wely, Loek"]
[Result "1/2-1/2"]
[Board "1"]
[WhiteElo "2559"]
[WhiteTitle "IM"]
[WhiteCountry "POL"]
[WhiteFideId "1132253"]
[WhiteEloChange "2"]
[BlackElo "2674"]
[BlackTitle "GM"]
[BlackCountry "NED"]
[BlackFideId "1000268"]
[BlackEloChange "-2"]

1. e4 {[%clk 1:29:02]} c5 {[%clk 1:30:52]} 2. Nf3 {[%clk 1:29:27]} d6 {[%clk
1:30:58]} 3. d4 {[%clk 1:29:46]} cxd4 {[%clk 1:31:22]} 4. Nxd4 {[%clk 1:30:12]}
Nf6 {[%clk 1:31:42]} 5. Nc3 {[%clk 1:30:38]} a6 {[%clk 1:32:09]} 6. h4 {[%clk
1:31:02]} Nc6 {[%clk 1:29:28]} 7. h5 {[%clk 1:31:11]} h6 {[%clk 1:21:33]} 8. Be3
{[%clk 1:31:24]} e5 {[%clk 1:15:21]} 9. Nxc6 {[%clk 1:31:47]} bxc6 {[%clk
1:15:44]} 10. Bc4 {[%clk 1:32:14]} Be7 {[%clk 1:08:04]} 11. Qf3 {[%clk 1:10:51]}
O-O {[%clk 1:06:58]} 12. Qg3 {[%clk 1:10:33]} Kh8 {[%clk 0:57:07]} 13. O-O-O
{[%clk 1:00:32]} Rb8 {[%clk 0:55:26]} 14. f3 {[%clk 0:57:10]} Qa5 {[%clk
0:51:53]} 15. Bd2 {[%clk 0:53:21]} Qb6 {[%clk 0:48:04]} 16. Na4 {[%clk 0:53:14]}
Qb7 {[%clk 0:45:31]} 17. b3 {[%clk 0:35:29]} d5 {[%clk 0:42:16]} 18. Bd3 {[%clk
0:35:57]} Re8 {[%clk 0:40:09]} 19. Kb1 {[%clk 0:35:07]} Bb4 {[%clk 0:33:09]} 20.
Qe1 {[%clk 0:34:53]} Qe7 {[%clk 0:29:52]} 21. Bxb4 {[%clk 0:30:11]} Rxb4 {[%clk
0:30:00]} 22. c3 {[%clk 0:30:17]} Rxa4 {[%clk 0:14:23]} 23. bxa4 {[%clk 0:30:45]}
Qa3 {[%clk 0:13:34]} 24. Ka1 {[%clk 0:28:32]} Be6 {[%clk 0:12:00]} 25. Qd2 {[%clk
0:25:06]} dxe4 {[%clk 0:11:25]} 26. Bxe4 {[%clk 0:23:54]} Nxe4 {[%clk 0:09:30]}
27. fxe4 {[%clk 0:24:22]} Qxa4 {[%clk 0:09:38]} 28. Rhe1 {[%clk 0:22:57]} Kh7
{[%clk 0:09:25]} 29. Rb1 {[%clk 0:22:04]} Rd8 {[%clk 0:09:30]} 30. Qf2 {[%clk
0:22:16]} Rd3 {[%clk 0:08:47]} 31. Rb4 {[%clk 0:18:28]} Qa5 {[%clk 0:09:02]} 32.
Rc1 {[%clk 0:18:38]} c5 {[%clk 0:07:11]} 33. Rb2 {[%clk 0:18:58]} Rxc3 {[%clk
0:07:16]} 34. Rxc3 {[%clk 0:16:57]} Qxc3 {[%clk 0:07:44]} 35. Qd2 {[%clk
0:17:18]} Qc4 {[%clk 0:07:40]} 36. Rc2 {[%clk 0:15:44]} Qxe4 {[%clk 0:07:23]} 37.
Rxc5 {[%clk 0:15:55]} Bf5 {[%clk 0:07:14]} 38. Kb2 {[%clk 0:14:55]} f6 {[%clk
0:06:36]} 39. Rc7 {[%clk 0:13:46]} Qg4 {[%clk 0:04:34]} 40. Rc6 {[%clk 0:42:43]}
a5 {[%clk 0:32:05]} 41. Ka3 {[%clk 0:38:50]} Be4 {[%clk 0:31:01]} 42. Rc5 {[%clk
0:34:42]} Bxg2 {[%clk 0:28:47]} 43. Rxa5 {[%clk 0:32:45]} e4 {[%clk 0:26:53]} 44.
Rb5 {[%clk 0:32:16]} Bf1 {[%clk 0:22:26]} 45. Rc5 {[%clk 0:31:14]} Bd3 {[%clk
0:16:10]} 46. Qc3 {[%clk 0:24:10]} Qd7 {[%clk 0:15:49]} 47. Rc7 {[%clk 0:22:08]}
Qd6+ {[%clk 0:09:05]} 48. Qc5 {[%clk 0:22:32]} Qxc5+ {[%clk 0:07:55]} 49. Rxc5
{[%clk 0:23:00]} g5 {[%clk 0:07:45]} 50. hxg6+ {[%clk 0:21:03]} Kxg6 {[%clk
0:08:14]} 51. Kb4 {[%clk 0:21:14]} h5 {[%clk 0:08:37]} 52. Kc3 {[%clk 0:19:30]}
f5 {[%clk 0:06:39]} 53. Kd4 {[%clk 0:18:59]} h4 {[%clk 0:05:07]} 54. a4 {[%clk
0:10:48]} h3 {[%clk 0:04:27]} 55. a5 {[%clk 0:10:08]} Kg5 {[%clk 0:04:45]} 56.
Rc8 {[%clk 0:08:40]} Bf1 {[%clk 0:01:38]} 57. Rh8 {[%clk 0:03:15]} Kg4 {[%clk
0:01:49]} 58. Ke3 {[%clk 0:01:56]} f4+ {[%clk 0:01:09]} 59. Kxe4 {[%clk 0:02:25]}
Bg2+ {[%clk 0:01:29]} 60. Kd3 {[%clk 0:02:46]} Kg3 {[%clk 0:01:13]} 61. Ke2
{[%clk 0:02:43]} Bd5 {[%clk 0:00:54]} 62. Rh7 {[%clk 0:01:29]} Bf3+ {[%clk
0:00:52]} 63. Kf1 {[%clk 0:01:12]} h2 {[%clk 0:00:49]} 64. Rg7+ {[%clk 0:01:29]}
Kh3 {[%clk 0:01:05]} 65. Rh7+ {[%clk 0:01:55]} Kg3 {[%clk 0:01:28]} 66. Rg7+
{[%clk 0:02:24]} Kh3 {[%clk 0:00:55]} 67. Rh7+ {[%clk 0:02:50]} Kg3 {[%clk
0:01:22]} 1/2-1/2

[Event "Greek Team Championship"]
[Site "chess24.com"]
[Date "2017.07.04"]
[Round "2"]
[White "Georgiadis, Ioannis"]
[Black "Barski, Radoslaw"]
[Result "0-1"]
[Board "2"]
[WhiteElo "2485"]
[WhiteTitle "IM"]
[WhiteCountry "GRE"]
[WhiteFideId "4208900"]
[WhiteEloChange "-6"]
[BlackElo "2411"]
[BlackCountry "POL"]
[BlackFideId "1131710"]
[BlackEloChange "6"]

1. e4 {[%clk 1:30:57]} e5 {[%clk 1:29:48]} 2. Nf3 {[%clk 1:31:13]} Nc6 {[%clk
1:30:15]} 3. Bb5 {[%clk 1:31:25]} a6 {[%clk 1:30:40]} 4. Ba4 {[%clk 1:31:49]} Nf6
{[%clk 1:31:06]} 5. O-O {[%clk 1:32:00]} Be7 {[%clk 1:31:29]} 6. d3 {[%clk
1:31:50]} b5 {[%clk 1:31:27]} 7. Bb3 {[%clk 1:32:07]} d6 {[%clk 1:31:54]} 8. a4
{[%clk 1:31:22]} b4 {[%clk 1:32:00]} 9. Nbd2 {[%clk 1:30:09]} O-O {[%clk
1:32:13]} 10. a5 {[%clk 1:29:44]} Be6 {[%clk 1:25:41]} 11. Re1 {[%clk 1:28:40]}
Rb8 {[%clk 1:24:04]} 12. Bc4 {[%clk 1:27:46]} Qc8 {[%clk 1:22:41]} 13. b3 {[%clk
1:23:01]} Nd7 {[%clk 1:17:19]} 14. Bb2 {[%clk 1:22:49]} Bf6 {[%clk 1:17:32]} 15.
h3 {[%clk 1:01:34]} Nc5 {[%clk 1:11:47]} 16. Nh2 {[%clk 0:54:53]} Bxc4 {[%clk
0:59:31]} 17. bxc4 {[%clk 0:32:46]} Ne6 {[%clk 0:57:00]} 18. Ng4 {[%clk 0:30:07]}
Bg5 {[%clk 0:39:26]} 19. Nb3 {[%clk 0:29:52]} Qd8 {[%clk 0:28:34]} 20. Ne3 {[%clk
0:23:02]} Bxe3 {[%clk 0:25:05]} 21. fxe3 {[%clk 0:21:44]} Qh4 {[%clk 0:24:18]}
22. Rf1 {[%clk 0:21:00]} g6 {[%clk 0:23:15]} 23. Kh2 {[%clk 0:15:05]} Ne7 {[%clk
0:20:54]} 24. g3 {[%clk 0:12:47]} Qg5 {[%clk 0:19:49]} 25. Qf3 {[%clk 0:12:50]}
f5 {[%clk 0:16:40]} 26. h4 {[%clk 0:11:26]} Qh6 {[%clk 0:16:52]} 27. d4 {[%clk
0:11:19]} Ng5 {[%clk 0:15:22]} 28. Qe2 {[%clk 0:10:27]} fxe4 {[%clk 0:15:05]} 29.
Nd2 {[%clk 0:10:41]} Nf5 {[%clk 0:05:28]} 30. Qg4 {[%clk 0:08:39]} Nxe3 {[%clk
0:04:35]} 31. Qxg5 {[%clk 0:03:14]} Qxg5 {[%clk 0:05:00]} 32. hxg5 {[%clk
0:02:29]} Nxf1+ {[%clk 0:05:24]} 33. Nxf1 {[%clk 0:02:35]} Rf2+ {[%clk 0:05:50]}
34. Kh3 {[%clk 0:02:59]} Rxc2 {[%clk 0:06:11]} 35. Rb1 {[%clk 0:03:07]} exd4
{[%clk 0:06:23]} 36. Bxd4 {[%clk 0:03:28]} Rxc4 {[%clk 0:06:21]} 37. Bb2 {[%clk
0:03:47]} Rc5 {[%clk 0:06:14]} 38. Kh4 {[%clk 0:03:48]} b3 {[%clk 0:01:42]} 39.
Ne3 {[%clk 0:03:53]} d5 {[%clk 0:01:43]} 40. Ng4 {[%clk 0:33:50]} Kf7 {[%clk
0:30:45]} 41. Rf1+ {[%clk 0:32:47]} Ke8 {[%clk 0:27:49]} 42. Nf6+ {[%clk
0:30:07]} Kd8 {[%clk 0:23:14]} 43. Nxe4 {[%clk 0:26:55]} Rb4 {[%clk 0:23:30]} 0-1

[Event "Greek Team Championship"]
[Site "chess24.com"]
[Date "2017.07.04"]
[Round "2"]
[White "Papadimitrakis, Georgios"]
[Black "Goumas, Georgios"]
[Result "0-1"]
[Board "3"]
[WhiteElo "1358"]
[WhiteCountry "GRE"]
[WhiteFideId "4286065"]
[WhiteEloChange "-2"]
[BlackElo "2417"]
[BlackTitle "FM"]
[BlackCountry "GRE"]
[BlackFideId "4208935"]
[BlackEloChange "1"]

1. e4 {[%clk 1:30:25]} g6 {[%clk 1:27:14]} 2. d4 {[%clk 1:30:45]} Bg7 {[%clk
1:27:42]} 3. Nf3 {[%clk 1:31:10]} a6 {[%clk 1:28:08]} 4. Nc3 {[%clk 1:31:13]} d6
{[%clk 1:28:03]} 5. a4 {[%clk 1:30:12]} b6 {[%clk 1:28:24]} 6. Bc4 {[%clk
1:29:59]} e6 {[%clk 1:28:37]} 7. Bg5 {[%clk 1:30:02]} Ne7 {[%clk 1:28:35]} 8. O-O
{[%clk 1:29:22]} Bb7 {[%clk 1:27:02]} 9. Qd2 {[%clk 1:26:27]} h6 {[%clk 1:26:11]}
10. Bf4 {[%clk 1:24:48]} Nd7 {[%clk 1:26:20]} 11. Rfe1 {[%clk 1:21:33]} g5 {[%clk
1:25:41]} 12. Bg3 {[%clk 1:21:11]} Ng6 {[%clk 1:24:35]} 13. Qe3 {[%clk 0:54:06]}
O-O {[%clk 1:23:20]} 14. h3 {[%clk 0:52:25]} Nf6 {[%clk 1:20:34]} 15. e5 {[%clk
0:43:31]} Nh5 {[%clk 1:19:03]} 16. Bh2 {[%clk 0:42:37]} Nhf4 {[%clk 1:17:36]} 17.
exd6 {[%clk 0:40:15]} Nxg2 {[%clk 1:12:24]} 18. dxc7 {[%clk 0:28:27]} Qd7 {[%clk
1:11:24]} 19. Kxg2 {[%clk 0:19:42]} Nh4+ {[%clk 1:10:34]} 20. Kf1 {[%clk
0:17:38]} Nxf3 {[%clk 1:10:55]} 21. d5 {[%clk 0:09:44]} Nxh2+ {[%clk 1:10:21]}
22. Kg1 {[%clk 0:08:38]} Qxc7 {[%clk 1:09:59]} 23. Be2 {[%clk 0:07:21]} exd5
{[%clk 1:09:57]} 24. Nd1 {[%clk 0:04:37]} d4 {[%clk 1:08:57]} 25. Qd3 {[%clk
0:04:09]} Rae8 {[%clk 1:08:47]} 26. c3 {[%clk 0:03:17]} Rxe2 {[%clk 1:07:40]} 27.
Rxe2 {[%clk 0:02:15]} Nf3+ {[%clk 1:08:03]} 28. Kf1 {[%clk 0:02:35]} Qh2 {[%clk
1:08:31]} 29. Re7 {[%clk 0:01:12]} Qg1+ {[%clk 1:08:53]} 30. Ke2 {[%clk 0:01:30]}
Qe1# {[%clk 1:08:53]} 0-1